• AIU
  • Tony Wilmot Memorial Library

Part of the proceedings of the Conference on the Nationalist Movement in the Sudan, held on 8-15 January 1986 / (Record no. 65380)

MARC details
000 -LEADER
fixed length control field 01091cam a2200277 a 4500
001 - CONTROL NUMBER
control field 1085786
003 - CONTROL NUMBER IDENTIFIER
control field OSt
005 - DATE AND TIME OF LATEST TRANSACTION
control field 20180718145658.0
008 - FIXED-LENGTH DATA ELEMENTS--GENERAL INFORMATION
fixed length control field 920114s1989 sj b 100 0 eng
010 ## - LIBRARY OF CONGRESS CONTROL NUMBER
LC control number 91969785
020 ## - INTERNATIONAL STANDARD BOOK NUMBER
Terms of availability �E100.00
040 ## - CATALOGING SOURCE
Original cataloging agency DLC
Transcribing agency DLC
Modifying agency DLC
043 ## - GEOGRAPHIC AREA CODE
Geographic area code f-sj---
050 00 - LIBRARY OF CONGRESS CALL NUMBER
Classification number DT156.7
Item number .P37 1985
245 00 - TITLE STATEMENT
Title Part of the proceedings of the Conference on the Nationalist Movement in the Sudan, held on 8-15 January 1986 /
Statement of responsibility, etc edited by Mahasin Abdel Gadir Hag Al-Safi.
260 ## - PUBLICATION, DISTRIBUTION, ETC. (IMPRINT)
Place of publication, distribution, etc Khartoum, Sudan :
Name of publisher, distributor, etc Institue of African and Asian Studies, University of Khartoum,
Date of publication, distribution, etc c1989.
300 ## - PHYSICAL DESCRIPTION
Extent xiv, 438 p. ;
Dimensions 24 cm.
490 1# - SERIES STATEMENT
Series statement Sudan library series ;
Volume number/sequential designation 15
504 ## - BIBLIOGRAPHY, ETC. NOTE
Bibliography, etc Includes bibliographical references.
650 #0 - SUBJECT ADDED ENTRY--TOPICAL TERM
Topical term or geographic name as entry element Nationalism
Geographic subdivision Sudan
General subdivision History
Chronological subdivision 20th century
General subdivision Congresses.
9 (RLIN) 46366
651 #0 - SUBJECT ADDED ENTRY--GEOGRAPHIC NAME
Geographic name Sudan
General subdivision History
Chronological subdivision 1899-1956
General subdivision Congresses.
9 (RLIN) 46367
830 #0 - SERIES ADDED ENTRY--UNIFORM TITLE
Uniform title Sudanese library series ;
Volume number/sequential designation no. 15.
9 (RLIN) 46368
906 ## - LOCAL DATA ELEMENT F, LDF (RLIN)
a 7
b cbc
c orignew
d 3
e ncip
f 19
g y-gencatlg
942 ## - ADDED ENTRY ELEMENTS (KOHA)
Source of classification or shelving scheme Library of Congress Classification
Koha item type Special Collection
Holdings
Withdrawn status Lost status Source of classification or shelving scheme Damaged status Not for loan Collection code Home library Current library Shelving location Date acquired Source of acquisition Cost, normal purchase price Total Checkouts Full call number Barcode Date last seen Copy number Price effective from Koha item type
    Library of Congress Classification     Special Collection AIU/NEGST - Tony Wilmot Memorial Library AIU/NEGST - Tony Wilmot Memorial Library Special Collection 06/21/2016 Donation- SIL Sudan 30.00   S DT156.7 .P37 1989 R34839P3232 09/26/2019 1 07/18/2018 Special Collection